| 000 | 00990cam a2200205 4500 | ||
|---|---|---|---|
| 001 | ABS60775 | ||
| 008 | 000000n1999 000 0 eng u | ||
| 035 | _a(Sirsi) u101271 | ||
| 100 | _aHolmans, A. | ||
| 245 | _aFlight from the north. | ||
| 260 | _c1999 | ||
| 490 |
_aHousing Today _v(139) 24 June 1999, 20-21(2) |
||
| 520 | _aA new report by the Joseph Rowntree Foundation, "Low demand: separating fact from fiction" takes as its theme the question of low demand for social housing, and asks whether this means government projections for an increase in the number of households are correct. Concludes that although some areas of the north are experiencing low demand, this is primarily due to migration south, where there is a correspondingly high demand for housing. | ||
| 650 | _aSOCIAL HOUSING | ||
| 650 | _aHOUSING DEMAND | ||
| 650 | _aJOSEPH ROWNTREE FOUNDATION | ||
| 650 | _aMIGRATION | ||
| 690 | _aPROPERTY-RESIDENTIAL PROPERTY-RESIDENTIAL PROPERTY MARKET | ||
| 942 | _n0 | ||
| 999 |
_c60424 _d60424 |
||